Loading...
| Beliefs | 8 | 16.25 | 63% | 75% | 25% |
| Fine Arts - Classical Music and Opera | 6 | 13.33 | 83% | 17% | 33% |
| Fine Arts - Other | 5 | 14.00 | 20% | 80% | 40% |
| Fine Arts - Visual | 3 | 10.00 | 33% | 67% | 0% |
| Geography | 2 | 10.00 | 50% | 50% | 0% |
| History - European | 6 | 11.67 | 67% | 0% | 50% |
| History - Other | 4 | 20.00 | 50% | 75% | 75% |
| History - US | 5 | 14.00 | 20% | 60% | 60% |
| History - World | 5 | 14.00 | 40% | 40% | 60% |
| Literature - American | 7 | 14.29 | 71% | 57% | 14% |
| Literature - British | 5 | 8.00 | 0% | 60% | 20% |
| Literature - European | 7 | 17.14 | 57% | 57% | 57% |
| Literature - World | 3 | 13.33 | 33% | 33% | 67% |
| Modern World | 3 | 16.67 | 33% | 33% | 100% |
| Other Academic | 3 | 10.00 | 33% | 33% | 33% |
| Philosophy | 4 | 10.00 | 0% | 100% | 0% |
| Science - Astronomy | 1 | 20.00 | 100% | 100% | 0% |
| Science - Biology | 6 | 10.00 | 33% | 67% | 0% |
| Science - Chemistry | 2 | 10.00 | 50% | 0% | 50% |
| Science - Other | 9 | 8.89 | 44% | 44% | 0% |
| Science - Physics | 5 | 12.00 | 40% | 60% | 20% |
| Social Science | 7 | 17.14 | 43% | 57% | 71% |